000 00281nam a22001337a 4500
008 170424b xxu||||| |||| 00| 0 eng d
020 _a9780028657240
041 _aeng
080 _a54
100 _a12
101 _aSHM
245 _aCHEMISTRY
_cLAGOWSKI, J.J
942 _2udc
_cBK
999 _c11684
_d11684